000 00312nam a22001457a 4500
008 210308b ||||| |||| 00| 0 eng d
020 _a0201126508
041 _aeng
080 _a610.73
082 _a610.73
100 _a2
101 _aINF
245 _aAdult Health Nursing
_cKneisl,R.C
942 _2udc
_cBK
999 _c56009
_d56009